01106naa#a2200193#i#4500001002000000005001700020011001400037100004100051102000700092200036900099210007800468215001000546608004500556675012600601700006000727700006000787700005200847856001300899RU\RIOR\bibl\12507320260629053134.1##a2409-6024##a20260530b2026####ek#y0rusy0150####ca##aRU1#aО концептуальных основах построения организационно-экономической системы ускоренного внедрения научно-технических инноваций в изделия предприятий ракетно-космической техникиeЖурнальная статья1#aМоскваcООО "Издательский Центр РИОР"d2026##a5 с.##aЖурнальная статья2local##aсмешанные, с участием частного и государственного капитала. 330.322.16#1aАзаренкоgЛюдмила Григорьевна#1aВеселовскийgМихаил Яковлевич#1aМусаевgРасул Абдуллаевич4#arusjm.ru